A guide to site and environmental planning (Record no. 76056)

MARC details
000 -LEADER
fixed length control field 01199nam a2200205 a 4500
008 - FIXED-LENGTH DATA ELEMENTS--GENERAL INFORMATION
fixed length control field 120416s1980 ||||||||||||||||| || u
050 ## - LIBRARY OF CONGRESS CALL NUMBER
Classification number SB 472 Rub
100 ## - MAIN ENTRY--PERSONAL NAME
Personal name Rubenstein, Harvey M
245 12 - TITLE STATEMENT
Title A guide to site and environmental planning
246 ## -
-- Harvey M. Rubentein
250 ## - EDITION STATEMENT
Edition statement 2nd ed.
260 ## - PUBLICATION, DISTRIBUTION, ETC.
Place of publication, distribution, etc. New York
Name of publisher, distributor, etc. John Wiley and Sons
Date of publication, distribution, etc. 1980
300 ## - PHYSICAL DESCRIPTION
Extent xi, 252p. : ill.
350 ## -
-- 0.00
995 ## -
-- ANNEX COLLECTION (Main Library)
-- 0.00
-- 704618
-- CBU-MAIN LIBRARY (Kitwe)
-- 3
-- 0.00
-- SB 472 Rub
-- 3
-- AVAILABLE
-- 013414
-- Annex Low-Usage Collection
995 ## -
-- ANNEX COLLECTION (Main Library)
-- 0.00
-- 704617
-- CBU-MAIN LIBRARY (Kitwe)
-- 2
-- 0.00
-- SB 472 Rub
-- 4
-- AVAILABLE
-- 013415
-- Annex Low-Usage Collection
995 ## -
-- MAIN LIBRARY OPEN ACCESS
-- 0.00
-- 704619
-- CBU-MAIN LIBRARY (Kitwe)
-- 5
-- 0.00
-- SB 472 Rub
-- 1
-- AVAILABLE
-- 013412
-- Main Library Open Access Collection
995 ## -
-- MAIN LIBRARY OPEN ACCESS
-- 0.00
-- 704616
-- CBU-MAIN LIBRARY (Kitwe)
-- 4
-- 0.00
-- SB 472 Rub
-- 2
-- AVAILABLE
-- 013413
-- Main Library Open Access Collection
995 ## -
-- ANNEX COLLECTION (Main Library)
-- 0.00
-- 704615
-- CBU-MAIN LIBRARY (Kitwe)
-- 1
-- 0.00
-- SB 472 Rub
-- 5
-- AVAILABLE
-- 013416
-- Annex Low-Usage Collection
999 ## -
-- 76056
-- 76056
Holdings
Withdrawn status Lost status Source of classification or shelving scheme Damaged status Not for loan Permanent Location Current Location Date acquired Full call number Barcode Date last seen Copy number Price effective from Koha item type Shelving location Total Checkouts
Withdrawn         CBU-MAIN LIBRARY, KITWE. CBU-MAIN LIBRARY, KITWE. 04/25/2023 SB 472 Rub 013414 04/25/2023 1 04/25/2023 MONOGRAPH    
          CBU-MAIN LIBRARY, KITWE. CBU-MAIN LIBRARY, KITWE. 04/25/2023 SB 472 Rub 013415 04/25/2023 2 04/25/2023 MONOGRAPH    
          CBU-MAIN LIBRARY, KITWE. CBU-MAIN LIBRARY, KITWE. 04/25/2023 SB 472 Rub 013412 04/25/2023 3 04/25/2023 MONOGRAPH    
          CBU-MAIN LIBRARY, KITWE. CBU-MAIN LIBRARY, KITWE. 04/25/2023 SB 472 Rub 013413 04/25/2023 4 04/25/2023 MONOGRAPH    
          CBU-MAIN LIBRARY, KITWE. CBU-MAIN LIBRARY, KITWE. 04/25/2023 SB 472 Rub 013416 04/25/2023 5 04/25/2023 MONOGRAPH